Vista normal
Vista MARC
Entrada Nombre corporativo
Número de registros utilizados en: 40
001 - NÚMERO DE CONTROL
- Campo de control: 2759
003 - IDENTIFICADOR DE NÚMERO DE CONTROL
- Campo de control: ES-MaCES
005 - FECHA Y HORA DE LA ULTIMA MODIFICACION
- Campo de control: 19981120175100.0
008 - ELEMENTOS DE DATOS DE LONGITUD FIJA
- Campo de longitud fija: 981120 | azznnaabn || ana d
035 ## - NÚMERO DE CONTROL DEL SISTEMA
- Número de control del sistema: CES19980002743e
040 ## - FUENTE DE LA CATALOGACIÓN
- Agencia original de catalogación: ES-MaCES
- Idioma de catalogación: spa
- Agencia de transcripción: ES-MaCES
110 1# - ENCABEZAMIENTO--NOMBRE CORPORATIVO
- Nombre corporativo o de jurisdicción como elemento de entrada: España
- Unidad subordinada: Cortes Generales
- Unidad subordinada: Senado
410 1# - TRAZADO VEÁSE--NOMBRE CORPORATIVO
- Nombre corporativo o de jurisdicción como elemento de entrada: España
- Unidad subordinada: Cortes Generales
- Unidad subordinada: Senado
- Unidad subordinada: Dirección de Estudios y Documentación
901 ## - CES. DATOS SIRTEX
- ID Sirtex (N5N8): 0001800000274
- 005BIS Sirtex: 199811201751MIG

